Statistics for Guess the Footballers by their Teams #18

Click here to take the quiz!

General Stats

  • This quiz has been taken 111 times
  • The average score is 6 of 10

Answer Stats

HintAnswer% Correct
2001-. Barcelona B, Barcelona, Vissel Kobe, Spain.Andres Iniesta
99%
2015-. Bryne 2, Bryne, Molde 2, Molde, Red Bull Salzburg, Borussia Dortmund, Norway.Erling Haaland
90%
2010-. Crystal Palace, Manchester United, Crystal Palace (loan), Cardiff City (loan), Crystal Palace (loan), Crystal Palace, Ivory Coast.Wilfried Zaha
83%
2009-. Borussia Dortmund, Bayern Munich, Borussia Dortmund, PSV Eindhoven, Germany.Mario Gotze
72%
2013-. Barcelona B, Barcelona, Aston Villa, Middlesbrough, Wolverhampton Wanderers, Barcelona (loan), Spain.Adama Traore
68%
2013-. Saint-Etienne II, Saint-Etienne, Monaco, Hannover 96 (loan), Bastia (loan), Nice, Newcastle United, France.Allan Saint-Maximin
59%
1981-2003. Stuttgarter Kickers, VfB Stuttgart, Inter Milan, Monaco, Tottenham Hotspur, Bayern Munich, Sampdoria, Tottenham Hotspur (loan), Orange County Blue Star, Germany.Jurgen Klinsmann
56%
1995-2013. Perugia, Rangers, Salernitana, AC Milan, Sion, Italy.Gennaro Gattuso
48%
1985-2000. Greenwich Borough, Crystal Palace, Arsenal, West Ham United, Nottingham Forest (loan), Celtic, Burnley, England.Ian Wright
37%
1989-2011. Portland Timbers, Millwall, Leicester City, Rayo Vallecano, Tottenham Hotspur, Southampton (loan), Borussia Monchengladbach, Fulham, Seattle Sounders FC, USA.Kasey Keller
20%

Score Distribution

Percentile by Number Answered

Percent of People with Each Score

Your Score History

You have not taken this quiz